[Event "Rheinland Pfalz op 3rd"]
[Site "Gau Algesheim"]
[Date "2011.07.30"]
[Round "4"]
[White "Nabinger, Matthias Lothar"]
[Black "Mueller, Peter2222"]
[Result "0-1"]
[WhiteElo "985"]
[BlackElo "1521"]
[PlyCount "62"]
[EventDate "2011.07.28"]
[EventType "swiss"]
[EventRounds "7"]
[EventCountry "GER"]
[SourceTitle "EXT 2013"]
[Source "ChessBase"]
[SourceDate "2012.11.22"]
[SourceVersion "1"]
[SourceVersionDate "2012.11.22"]
[SourceQuality "1"]

1. e4 e5 2. Nf3 Nc6 3. d4 exd4 4. Nxd4 Bc5 5. Nc3 Bxd4 6. Bb5 Bxc3+ 7. bxc3 Qf6 8. Bb2 Qg5 9. Bxc6 Qxg2 10. Ke2 dxc6 11. Qd3 Bg4+ 12. Kd2 Rd8 13. Raf1 Rxd3+ 14. cxd3 Qf3 15. c4 f6 16. Bd4 Kf7 17. Bxa7 b6 18. c5 b5 19. Bb8 Qf4+ 20. Kc2 Ne7 21. Rhg1 Rxb8 22. Rg3 Bh5 23. Kb3 Be2 24. Rfg1 Ng6 25. Kc3 Rd8 26. d4 Qxe4 27. Re3 Qxd4+ 28. Kc2 Qxc5+ 29. Kb2 Rd2+ 30. Ka1 Qc2 31. Rb3 Qxa2# 0-1